Internet y educación en América Latina /
En el presente artículo se analiza cómo el desarrollo tecnológico y principalmente la internet, posibilita el desarrollo de la educación y de América latina impulsando un desarrollo cultural y social y la revolución educativa, un ejemplo de ello es la INTERVERSIDAD que refiere, según el autor, a la...
Guardat en:
| Autor principal: | |
|---|---|
| Format: | Text |
| Matèries: | |
| Etiquetes: |
Afegir etiqueta
Sense etiquetes, Sigues el primer a etiquetar aquest registre!
|
MARC
| LEADER | 00000 a a2200000 04500 | ||
|---|---|---|---|
| 001 | 42227 | ||
| 003 | |||
| 040 | |||
| 100 | |a Torres López, Edgardo | ||
| 245 | |a Internet y educación en América Latina / |c Edgardo Torres López | ||
| 520 | |a En el presente artículo se analiza cómo el desarrollo tecnológico y principalmente la internet, posibilita el desarrollo de la educación y de América latina impulsando un desarrollo cultural y social y la revolución educativa, un ejemplo de ello es la INTERVERSIDAD que refiere, según el autor, a la unión del término de internet y universidad. | ||
| 590 | |a SJB/NOVIEMBRE2012 | ||
| 650 | |a 1.INTERNET | ||
| 650 | |a 2.EDUCACION | ||
| 650 | |a 3.DEMOCRATIZACION | ||
| 650 | |a 4.DESARROLLO SOCIAL | ||
| 650 | |a 5.AMERICA LATINA | ||
| 773 | |g volumen20, número10 ( , 2009), páginas 91-98 | ||
| 999 | |c 29945 |d 29945 | ||
